[Event "POL-chT4 Kujawsko-Pomorskie 1617"]
[Site "Poland"]
[Date "2016.11.20"]
[Round "2.4"]
[White "Bawej, Jakub"]
[Black "Rabeda, Grzegorz"]
[Result "0-1"]
[WhiteElo "1201"]
[BlackElo "1433"]
[PlyCount "70"]
[EventDate "2016.11.06"]
[EventType "team-tourn"]
[EventRounds "11"]
[EventCountry "POL"]
[SourceTitle "EXT 2019"]
[Source "ChessBase"]
[SourceDate "2018.10.10"]
[SourceVersion "1"]
[SourceVersionDate "2018.10.10"]
[SourceQuality "1"]

1. d4 d5 2. c4 c6 3. Nc3 Nf6 4. Nf3 Bg4 5. Ne5 Bh5 6. cxd5 Nxd5 7. Nxd5 Qxd5 8. Qd3 f6 9. Nc4 Na6 10. Bd2 e6 11. a3 Bg6 12. Ne3 Qd7 13. Qb3 Bf7 14. Nc2 Bd6 15. e3 0-0 16. Bxa6 bxa6 17. 0-0 Rab8 18. Qc3 e5 19. Rac1 Rb6 20. Qa5 Rxb2 21. Qxa6 Bb3 22. Na1 Bd5 23. Bc3 Rb6 24. Qe2 Bxa3 25. Rb1 Rfb8 26. dxe5 Rxb1 27. exf6 Rxf1+ 28. Qxf1 Qf5 29. e4 Qxe4 30. Nc2 Qxc2 31. Be1 Bc4 32. Qxc4+ Qxc4 33. fxg7 Rb1 34. f3 Bc5+ 35. Kh1 Qf1# 0-1

[Event "POL-chT U19 2nd League"]
[Site "Szczyrk"]
[Date "2014.07.28"]
[Round "6.129"]
[White "Bawej, Jakub"]
[Black "Kucharski, Daniel"]
[Result "1/2-1/2"]
[WhiteElo "1349"]
[BlackElo "1364"]
[PlyCount "102"]
[EventDate "2014.07.25"]
[EventType "team-swiss"]
[EventRounds "11"]
[EventCountry "POL"]
[SourceTitle "EXT 2015"]
[Source "ChessBase"]
[SourceDate "2014.11.20"]
[SourceVersion "1"]
[SourceVersionDate "2014.11.20"]
[SourceQuality "1"]
[WhiteTeam "Bydgoszcz Chemik U19"]
[BlackTeam "Czestochowa UKS Hetman U19"]
[WhiteTeamCountry "POL"]
[BlackTeamCountry "POL"]

1. d4 d5 2. c4 e6 3. Nc3 Nf6 4. Bg5 Be7 5. Nf3 0-0 6. e3 h6 7. Bh4 b6 8. Be2 dxc4 9. Bxc4 Bb7 10. 0-0 Nbd7 11. Qe2 c5 12. Rac1 Ne4 13. Bxe7 Qxe7 14. Nxe4 Bxe4 15. Rfd1 Rac8 16. Ba6 Rc7 17. Bb5 Rfc8 18. Ba6 Rd8 19. h3 Bd5 20. a3 Nf6 21. Bc4 Bxc4 22. Qxc4 Rdc8 23. Qd3 c4 24. Qd2 b5 25. Qa5 Qd7 26. Ne5 Qd5 27. f3 Nd7 28. e4 Qb7 29. Nxd7 Rxd7 30. Qb4 Qb6 31. Qd2 e5 32. b3 Qxd4+ 33. Qxd4 exd4 34. Kf2 f6 35. Ke2 Kf7 36. bxc4 bxc4 37. g3 Ke6 38. Kf2 g5 39. f4 a5 40. Kf3 a4 41. Ke2 Rd6 42. Kf3 gxf4 43. gxf4 c3 44. h4 Rb8 45. Ra1 Rb3 46. Ke2 c2 47. Rd3 Rxd3 48. Kxd3 Rc6 49. Rc1 Rc3+ 50. Kxd4 Rxa3 51. Rxc2 Kd6 1/2-1/2